| 000 | 00459cam a2200181ua 4500 | ||
|---|---|---|---|
| 020 | _c15.00 | ||
| 041 |
_aeng _h |
||
| 082 |
_a604.2 _bLUZ/GR |
||
| 100 | _aLuzadder, Warren J. | ||
| 245 |
_aGraphics for engineers / _cJ Warren Luzadder. _hTextual Documents |
||
| 260 |
_aNew Delhi : _bPrentice Hall of India Pvt Ltd. , _c1964. |
||
| 300 | _a611 ; . | ||
| 365 | _a15.00 | ||
| 504 | _a | ||
| 942 | _cBK | ||
| 999 |
_c7659 _d7659 |
||